Statistics for Most Guessed Capitals on JetPunk

Click here to take the quiz!

General Stats

  • This quiz has been taken 32,090 times
    (15,535 since last reset)
  • The average score is 18 of 22

Answer Stats

% Country Capital City % Correct
91%FranceParis
98%
88%United KingdomLondon
98%
85%United StatesWashington D.C.
98%
88%ItalyRome
94%
87%GermanyBerlin
94%
83%RussiaMoscow
94%
83%SpainMadrid
93%
80%JapanTokyo
92%
77%ChinaBeijing
92%
75%MexicoMexico City
91%
75%LisbonLisbon
80%
77%NorwayOslo
80%
72%IndiaNew Delhi
79%
76%NetherlandsAmsterdam
78%
80%IrelandDublin
74%
82%GreeceAthens
73%
73%BrazilBrasilia
73%
76%BelgiumBrussels
72%
76%AustriaVienna
67%
73%DenmarkCopenhagen
66%
72%FinlandHelsinki
63%
76%Vatican CityVatican City
36%

Score Distribution

Percentile by Number Answered

Percent of People with Each Score

Your Score History

You have not taken this quiz since the last reset